00506nam a2200181 i 4500001001100000003000500011005001700016008004100033040002500074082001500099245003000114264005500144300002900199336002100228337002500249338002300274650002700297C2-0221123PPAK20180728150802.0991014s1971 my |||| ||||| | may d aPPAKbengcPPAKerda04a398.2222300aHikayat Merong Mahawangsa 1aKuala Lumpur : bDewan Bahasa dan Pustaka , c1971 axxx, 164 pages ; c18 cm 2rdacontentatext 2rdamediaaunmediated 2rdacarrieravolume10aFolk literature, Malay